01013nac a22003017a 4500001001300000003000900013005001700022008003400039040005400073072000800127090002200135100001600157100002100173100002300194110005000217245003300267260003700300300001000337490006000347500002300407650001100430650002300441650001200464909004700476942001700523999001900540952015200559BR2018002308BR-BrBNA20240105124053.0230509b bl.|||m| |||| 00| 0 por d aBR-BrBNAbporcBiblioteca Nacional de Agricultura aF01 a1112 BR20180023081 aAlves, A.B.1 aNechet, K. de L.1 aVieira, B. de A.H.1 aEMBRAPA Roraima, Boa Vista, RR (Brasil)937121 aCultivo da banana em Roraima3 aBoa Vista, RR (Brasil): c2007.  a88 p. aDocumentos - EMBRAPA Roraima (Brazil)vno. 1x1981-6103 a10 ref.; 11 illus. aBANANA aPRÁTICA CULTURAL aRORAIMA a202312bLúcia Elandec55dLúcia Elande 2AGRISn0cMS c298236d298236 002AGRIS40708Acervo Gerala41918b41918cAGROBASEl0o1112 BR2018002308p1112 BR2018002308r2023-12-18yMSePortaria Interministerial nº 164/94